Countries by Water Borders Quiz Stats

 Plays Quiz Updated Aug 11, 2014

Support Sporcle.
Go Orange.
Score 0/60 Timer 10:00
5 Plays Today
% Correct
Greece
94.8%
Italy
93.7%
Cyprus
93.1%
France
90.3%
Spain
90%
Egypt
89.2%
Croatia
88.1%
Malta
87.9%
Monaco
87.6%
Algeria
86.8%
Turkey
86.4%
Morocco
86%
Israel
85.3%
Albania
83.9%
Libya
83.3%
Estonia
81.8%
Canada
81.2%
Finland
80.6%
India
79.9%
Tunisia
79.6%
Latvia
79.4%
Bosnia and Herzegovina
79%
Lithuania
78.1%
Russia
78%
Denmark
77.5%
Norway
76.5%
Lebanon
75.7%
Montenegro
75.7%
Iceland
75.2%
Russia
73.8%
% Correct
Iraq
73.2%
Denmark
72.9%
Russia
72.5%
Saudi Arabia
72%
Kuwait
71.7%
Bangladesh
71.6%
United States
71.5%
Sweden
71.5%
Germany
70.3%
Qatar
70%
Oman
69.5%
Myanmar (Burma)
67.7%
United Arab Emirates (UAE)
67.7%
Poland
67.4%
Palestine
66.8%
Sri Lanka
66.3%
Slovenia
66.1%
Bahrain
64.7%
Syria
62.4%
Iran
58.5%
Iran
58.2%
Malaysia
57.6%
Thailand
57%
Azerbaijan
55.6%
Tanzania
55.1%
Indonesia
54.5%
Kazakhstan
52.3%
Kenya
50.9%
Uganda
49%
Turkmenistan
46.9%

You're not logged in!

Compare scores with friends on all Sporcle quizzes.
OR
Log In

From the Vault

Criteria US States

by bobinwilder1

Lady Liberty is counting on you!
Remove Ads.
Support Sporcle.
Get the best of Sporcle when you Go Orange. This ad-free experience offers more features, more stats, and more fun while also helping to support Sporcle. Thank you for becoming a member.

Show Comments

Extras

Top Quizzes Today


Score Distribution

Your Account Isn't Verified!

In order to create a playlist on Sporcle, you need to verify the email address you used during registration. Go to your Sporcle Settings to finish the process.

Report this User

Report this user for behavior that violates our Community Guidelines.

Details: